000
00320nam a2200133 a 4500
005
20140414132117.0
008
111117s19uu xx 00 eng d
050
_a
REF 591.5
_b
AN5 2007
100
_a
Parker, Helen
245
_a
Animal picture dictionary.
440
_a
My 2 in 1
650
_a
Habitat
999
_c
114959
_d
114959